| 000 | 01331nam a2200325Ia 4500 | ||
|---|---|---|---|
| 001 | A8404 | ||
| 003 | IT-RoPAU | ||
| 008 | 130308s9999 xx 000 0 und d | ||
| 040 | _aIT-RoPAU | ||
| 040 | _cIT-RoPAU | ||
| 041 | _aITALIANO | ||
| 100 | _aClaudel Paul | ||
| 100 | _gCodice Aut. SPICS: 7979 | ||
| 240 | _aANNONCE faite a MARIE (L') | ||
| 240 | _gCodice Tit. Orig. Spics: T2417 | ||
| 245 | _aAnnunzio a Maria (L') | ||
| 245 | _bAnnunzio a Maria (L') | ||
| 250 | _a3a ed. | ||
| 260 | _aMILANO | ||
| 260 | _bVita e Pensiero | ||
| 260 | _c1989 [1° Ed.:1931 - Ed.Ling.Originale:1912] | ||
| 300 | _a"184 p. (prefazione: no ; testo: 184 [pagine: 0-0])" | ||
| 500 | _aDramma in Quattro Atti con un Prologo. testo Piu' volte Elaborato Dall'Autore Sviluppa la tematica della Spiritualità Medievale. Simbolismo Mariano Evidente Già nel Titolo. rivelazione delle forze Soprannaturali. miracolo è messo a Disposizione dell'uomo che Attraverso la fede e la Preghiera viene Arricchito di un Potere Illimitato. in Questo dramma I Fatti, I sentimenti e I Contrasti Divengono Strumento ed Espressione del Valore e dell'Incommensurabilità dei misteri Dello Spirito. | ||
| 650 | _aAUTORI/OPERE DI TEATRO | ||
| 650 | _eCodice materia Spics: 8407 | ||
| 942 | _cBK | ||
| 957 | _71 | ||
| 999 |
_c75107 _d75107 |
||
| 999 | _bSI | ||
| 999 | _g1 | ||